logo

Bir Sreshtho Munshi Abdur Rouf Library
Jhenaidah Cadet College

exercises in set theory / (Record no. 5441)

MARC details
000 -LEADER
fixed length control field 00537nam a2200217 a 4500
001 - CONTROL NUMBER
JCCL Control Number 5441
003 - CONTROL NUMBER IDENTIFIER
JCCL marc code BD-JhCC
005 - DATE AND TIME OF LATEST TRANSACTION
control field 20180103174950.0
008 - FIXED-LENGTH DATA ELEMENTS--GENERAL INFORMATION
fixed length control field 171214s1966 e |||| ||a| 00| 0 eng d
035 ## - SYSTEM CONTROL NUMBER
system control number (BD-JhCC) 5441
040 ## - CATALOGING SOURCE
Original cataloging agency BD-JhCC
Modifying agency BD-JhCC
041 ## - LANGUAGE CODE
Language code of Book eng
082 ## - DEWEY DECIMAL CLASSIFICATION NUMBER
Classification number 511.322
Author mark and Year SIG 1966
100 ## - MAIN ENTRY--PERSONAL NAME
Personal name Sigler, L.E.
245 ## - TITLE STATEMENT
Title exercises in set theory /
Statement of responsibility, etc L.E. Sigler
260 ## - PUBLICATION, DISTRIBUTION, ETC. (IMPRINT)
Place of publication, distribution, etc London :
Name of publisher, distributor, etc D.VAN NOSTRAND COMPANY,INC,
300 ## - PHYSICAL DESCRIPTION
Pagination 134 p .:
Dimensions 17 cm .
650 ## - SUBJECT ADDED ENTRY--TOPICAL TERM
Topical term or geographic name as entry element Set theory
942 ## - ADDED ENTRY ELEMENTS (KOHA)
Source of classification or shelving scheme Dewey Decimal Classification
Koha item type Books
Holdings
Source of classification or shelving scheme Damaged status Not for loan Home library Current library Shelving location Date of accession Total Checkouts Full call number Barcode Date last seen Copy number Koha item type
Dewey Decimal Classification     JCC Rouf Library JCC Rouf Library General Stacks 12/14/2017   511.322 SIG 1966 7409 12/14/2017 C - 1 Books

JCC Library | Contacts | JCC Home

Last Update on 23 September 2017
Copyright @ 2017-2020 JCC Rouf Library
Rouf Library, Jhenidah Cadet College (JCC), Bangladesh